| LEADER 00000nam 2200000uu 4500 |
| 001 13399120417 |
| 003 ULIBM |
| 008 190104s2558||||th 000 0 tha d |
| 020 ^a9789746729611
|
| 082 0 ^a745.72^bอ484ค
|
| 100 0 ^aอุษณีย์ ธงไชย,บรรณาธิการ.
|
| 245 0 ^aเครื่องเขินล้านนา:มรดกภูมิปัญญาท้องถิ่นสู่สารสนเทศดิจิทัล /^cโดย อุษณีย์ ธงไชย,บรรณาธิการ.
|
| 250 ^aพิมพ์ครั้งที่ 1.
|
| 260 ^aกรุงเทพฯ :^bสำนักหอสมุดมหาวิทยาลัยเชียงใหม่,^c2558.
|
| 300 ^a181 หน้า :^bภาพประกอบ ;^c30 ซม.
|
| 650 0 ^aเครื่องเขิน.
|
| 650 0 ^aเครื่องเขิน^xไทย.(ภาคเหนือ).
|
| 999 ^aจริญญา ศิลธรรม
|
หนังสือดีน่าอ่าน

“ดั่งดวงแก้ว ส่องสว่าง ทางสายงาม”
จัดทำขึ้นเพื่อเฉลิมพระเกียรติ สมเด็จพระเทพรัตนราชสุดา ฯ สยามบรมราชกุมารี
เนื่องในโอกาสมหามงคลเฉลิมพระชนมพรรษา ๕ รอบ ๒ เมษายน ๒๕๕๘
โดยหนังสือเล่มนี้ได้รวบรวม ๖๐ พระอัจฉริยภาพของสมเด็จพระเทพ ฯ
ผู้อ่านจะได้รับแรงบันดาลใจให้พากเพียรเรียนรู้และขยันอดทนทำการงาน
ตามรอยเบื้องพระยุคลบาท เพราะพระองค์ทรงเป็นแบบอย่างอันดีเยี่ยมในทุกด้าน
ทั้งในความใฝ่รู้ใฝ่เรียน คุณธรรมจริยธรรม พระวิริยอุตสาหะในการทรงงาน
และอื่นๆอีกมากมาย ล้วนสามารถสร้างแรงบันดาลใจให้แก่เด็กและเยาวชน
อีกทั้งประชาชนทั่วไป ให้พากเพียรเรียนรู้และขยันอดทนทำการงานตามรอยพระยุคลบาท
เพื่อฝึกฝนตนเองให้เป็นคนดีคนเก่งของครอบครัวและสังคมต่อไป